Photo Quiz: Musicians Named James - Statistics

General Stats
  • This quiz has been taken 92 times
  • The average score is 5 of 20
Answer Stats
Picture Hint Answer % Correct
US Rock Jimi Hendrix
96%
US 70's Singer Songwrier James Taylor
66%
UK Rock 60's/70's Jimmy Page
52%
US Pop 70's Jimmy Osmond
48%
UK Singer-Songwriter 2000's onwards James Morrison
45%
German Orchestral Pop James Last
34%
UK 80's Jimmy Somerville
33%
UK Jazz 2000's onwards Jamie Cullum
26%
US C&W (1950's/Early 1960's) Jim Reeves
21%
UK 70's Punk Jimmy Pursey
16%
UK 60's Singer/Songwriter/Actor Jim Dale
15%
UK Indie/Britpop James Dean Bradfield
11%
UK Garage Blues-Punk 2000s Jim Jones
11%
UK 80's Indie Jim Reid
11%
UK 60's band/70's solo Jim Capaldi
9%
US Big Band Jazz (1920's - 1950's) Jimmy Dorsey
7%
US 60's Soul Jimmy Ruffin
7%
UK 80's (Stage Name) Slim Jim Phantom
5%
US 80's New Wave Jim Carroll
4%
US Pop/Country (50's & 60's) Jimmie Rodgers
2%
No matching quizzes found
Score Distribution
Percent of People with Each Score
Percentile by Number Answered
Your Score History
You have not taken this quiz